Tři mušketýři /

Hlavní autor: Polášek, Miloš, 1939-2017
Další autoři: Šplíchal, Antonín, 1947-, Koks, Artur, Dumas, Alexandre, 1802-1870.
Jazyk: Čeština
Vydáno: Ostrava : En Face, c2014
Vydání: 1. knižní vyd.
Témata:
Fyzický popis: 24 s. : vše barev. il. ; 30 cm
Knihy
Uloženo v:
LEADER 01773nam a2200481 a 4500
001 nkc20142607841
003 CZ PrNK
005 20140828150140.0
007 ta
008 140729s2014 xr a b 000 1 cze
015 |a cnb002607841 
020 |a 978-80-87264-45-4  |q (brož.) 
035 |a (OCoLC)890261359 
040 |a BOA001  |b cze  |d ABA001 
072 7 |a 821.133.1-3  |x Francouzská próza, francouzsky psaná  |2 Konspekt  |9 25 
072 7 |a 821-93  |x Literatura pro děti a mládež (beletrie)  |2 Konspekt  |9 26 
080 |a 821.133.1-31  |2 MRF 
080 |a 821-93  |2 MRF 
080 |a (0:82-31)  |2 MRF 
080 |a (0.046.6)  |2 MRF 
080 |a (084.1)  |2 MRF 
100 1 |a Polášek, Miloš,  |d 1939-2017  |7 jn20000402027  |4 aut 
245 1 0 |a Tři mušketýři /  |c [napsal] Miloš Polášek & [kreslí] Antonín Šplíchal ; [text Artur Koks] 
250 |a 1. knižní vyd. 
260 |a Ostrava :  |b En Face,  |c c2014 
300 |a 24 s. :  |b vše barev. il. ;  |c 30 cm 
500 |a Na obálce: podle A. Dumase 
655 7 |a francouzské romány  |7 fd132289  |2 czenas 
655 7 |a literární adaptace  |7 fd119387  |2 czenas 
655 7 |a komiksy  |7 fd131978  |2 czenas 
655 7 |a publikace pro děti  |7 fd133156  |2 czenas 
655 9 |a French fiction  |2 eczenas 
655 9 |a literary adaptations  |2 eczenas 
655 9 |a comics  |2 eczenas 
655 9 |a children's literature  |2 eczenas 
700 1 |a Šplíchal, Antonín,  |d 1947-  |7 ola2003162788  |4 ill 
700 1 |a Koks, Artur  |7 jo2012728695  |4 wfw 
700 1 2 |a Dumas, Alexandre,  |d 1802-1870.  |t Trois mousquetaires.  |l Česky  |7 aun2007421442 
910 2 |a BOA001  |b 4-1329.799 
990 |a BK 
995 |a 01 
991 |b 201408  |c NOV  |e db 
996 6 |b 2610599070  |c 4-1329.799  |l MZK  |r Sklad / do 1 hodiny  |n 0  |p p.v.  |w 001440934  |u 000010  |a 1  |e BOA001  |j MZK50  |s P